=LDR 00000nam 2200000 4500 =001 INLIS000000000006496 =005 20130612094628 =008 ***********************************Ind** =035 ##$$0010-061300000006496 =041 ##$$a Ind =082 ##$$a 613.96 =090 ##$$a 613.96, Nug p =100 ##$$a Nugraha, Boyle, Dian =245 ##$$a Problema seks dan cinta remaja, Dr. Boyle Dian Nugraha =260 ##$$a 2002 $b Jakarta =300 ##$$a 127 hlm, ilus, 21 cm =650 ##$$a Remaja-tingkah laku seksual =850 ##$$a NBPNMAT